000 00556nam a2200193Ia 4500
005 20250508152623.0
008 008 250505s9999 xx 000 0 eng d
037 _aTextual
040 _aFEDL
_beng
_cFEDL
041 _aeng
_2eng
084 _a420, POL
_qFEDL
100 _aPollock Thomas Clark (et al...)
_9761994
245 0 _aEssentials of modern english
260 _aNew York, USA
_bThe Macmillan Company
_c1955
300 _axiii,445p.
490 _aThe Macmillan english
942 _cTEXL
_h420, POL
999 _c1337651
_d1337651